00505cam a2200181ua 450000100060000000800390000604000090004504100080005408200120006210000270007424500650010125000120016626000340017830000100021265300220022265300440024465300350028811005190727n ii |||gr||||Z||||||asm cMAIN aasm a320.954 aNabin Gohain,eAuthor. aBharatar sangbidhanik sarkar aru ganatantracBy Nabin Gohain a1st ed. aJorhat:bBidya bhawan,c2019. a425p. aPolitical science aConstitutional government and democrary aIndian government and politics